|
|
|
|
| LEADER |
00000nam a2200000 a 4500 |
| 001 |
UCN6146 |
| 003 |
CL-VaPUC |
| 008 |
010913e19640000FR |||||||||||||||||fre|d |
| 082 |
0 |
4 |
|a 782.430268
|b SEG
|2 21
|
| 100 |
0 |
|
|a Seghers, Pierre
|e author
|9 332763
|
| 245 |
1 |
0 |
|a Nouvelles chansons et complaintes: paroles
|
| 300 |
|
|
|a 76 p
|
| 942 |
|
|
|c BK
|
| 945 |
|
|
|d 20010913 00:00:00
|a crobeson
|
| 260 |
|
|
|a París
|b Seghers
|c 1964
|
| 650 |
|
0 |
|a Chansons
|9 462016
|
| 650 |
|
0 |
|a Música vocal
|9 306287
|
| 650 |
|
0 |
|a Poesías francesas
|9 265467
|
| 583 |
|
|
|a last modification
|c 20180124 04:31:11
|k Rodrigo Vera
|
| 999 |
|
|
|c 297199
|d 297197
|
| 952 |
|
|
|0 0
|1 0
|4 0
|6 782_430268000000000_SEG_1964
|7 0
|8 F
|9 351718
|a BIBEDU
|b BIBEDU
|d 2019-11-21
|i 1164481
|o 782.430268 SEG 1964
|p 1164481
|r 2023-01-12
|w 2019-11-21
|y BK_F
|k MUS
|